000 00640nam a2200241Ia 4500
003 OSt
005 20221007064333.0
006 a|||||r|||| 00| 0
007 ta
008 221006b |||||||| |||| 00| 0 eng d
024 _a4,005
037 _cTextual
040 _aFLL
_cFLL
_beng
041 _2eng
_aeng
082 _aZ2,5y7, N9
100 _aGaur K.D.
_9455049
245 0 _aCriminal law cases and materials
250 _a3rd
260 _aDelhi
_bButtertworths India
_c1997
650 _aCriminal law cases and materials
_9685677
942 _hZ2,5y7, N9
_cTEXL
_2CC
999 _c1133755
_d1133755